000 01005nam a22002415i 4500
001 159247
003 ES-MaACL
005 20250713070252.0
008 051014s1853 it | |||||||| ||ita d
040 _aCAM
_bspa
_cCAM
100 1 _aMc Culloch, G.R.
_9129775
245 1 0 _aPrincipii d'economia politica ... /
_cG.R. Mc Culloch. Principii d'conomia politica / H.C. Carey.
260 _aTorino :
_bCugini Pomba e Comp., editori-librai,
_c1853 (
_fTipografia degli Artisti A. Pons e Comp.)
300 _aLXXXVII, 1152 p. ;
_c23 cm.
490 1 _aBiblioteca dell'economista. Prima serie. Trattati complessivi ;
_v13
650 0 4 _aEconomía-
_vHistoria.
_912012
700 1 _aCarey, Henry Charles.
_tPrincipii di economia politica.
_9126333
700 1 _aPomba, Cunigi e Comp.,
_eed.
_9131254
752 _aItalia -
_dTurín
830 0 0 _aBiblioteca dell economista
_v13
_9188577
852 _aES-MaACL
_jB-8963
_z-- Enc. hol.
_x-- Edic.: corrige el CCPB000092954
999 _c159247
_d159247